000
00288nam a22001097a 4500
082
_a
320
100
_a
Bandyopadhyay, Sekhar
_9
80850
245
_a
Indian Political Thought and Its Contemporary Relevance
260
_a
delhi
_b
Atlantic Pub
_c
2017
650
_a
Politics
_9
80851
942
_c
BK
999
_c
64084
_d
64084